Super League Teams 2025/26 - Statistics

General Stats
  • This quiz has been taken 16 times
  • The average score is 10 of 12
Answer Stats
Answer % Correct
FC Basel 1893
100%
FC Zürich
100%
Grasshopper Club Zurich
100%
FC Lausanne-Sport
92%
Servette FC
92%
BSC Young Boys
85%
FC Sion
85%
FC St. Gallen 1879
85%
FC Thun
77%
FC Lugano
69%
FC Luzern
69%
FC Winterthur
69%
No matching quizzes found
Score Distribution
Percent of People with Each Score
Percentile by Number Answered
Your Score History
You have not taken this quiz